[Event "Voskresensk"]
[Site "Voskresensk"]
[Date "1993.??.??"]
[Round "?"]
[White "Danielian, Oganes"]
[Black "Tunik, Gennady"]
[Result "0-1"]
[WhiteElo "2460"]
[BlackElo "2490"]

1.d4 Nf6 2.Bg5 d5 3.Bxf6 gxf6 4.e3 c5 5.dxc5 e6 6.Nd2 Bxc5 7.Nb3 Bb4+ 8.c3 Bf8
9.g3 Nd7 10.Bg2 Ne5 11.Ne2 Bd7 12.Nbd4 Qb6 13.Qc2 O-O-O 14.O-O f5 15.a4 Kb8
16.a5 Qa6 17.Rfd1 Be7 18.b3 Rc8 19.Qa2 Rc7 20.Bf1 Ng4 21.Qb1 e5 22.Nxf5 Qf6
23.e4 dxe4 24.h3 Bxf5 25.hxg4 Bxg4 26.Qxe4 Bf3 27.Qc2 Bc5  0-1

[Event "Warsaw op"]
[Site "Warsaw"]
[Date "1993.??.??"]
[Round "2"]
[White "Bartosik, Piotr"]
[Black "Kaminski, Marcin"]
[Result "0-1"]
[WhiteElo "2235"]
[BlackElo "2395"]

1.d4 Nf6 2.Bg5 g6 3.c4 Bg7 4.Nc3 c5 5.Nf3 O-O 6.e3 cxd4 7.exd4 d5 8.Bxf6 Bxf6
9.Nxd5 Bg7 10.Be2 Nc6 11.O-O e6 12.Nc3 Nxd4 13.Nxd4 Bxd4 14.Qd2 Bxf2+  0-1

[Event "Warsaw op"]
[Site "Warsaw"]
[Date "1993.??.??"]
[Round "2"]
[White "Voloshin, Leonid"]
[Black "Kolasinski, Marek"]
[Result "1-0"]
[WhiteElo "2420"]
[BlackElo "2235"]

1.d4 Nf6 2.Bg5 c5 3.Bxf6 gxf6 4.d5 Bg7 5.c3 f5 6.e3 e6 7.Ne2 Qb6 8.Qc2 Qd6
9.c4 b5 10.Nf4 Be5 11.g3 bxc4 12.Bg2 Qb6 13.Nc3 Bb7 14.O-O Na6 15.Qe2 Bxf4
16.exf4 O-O 17.Qxc4 Rab8 18.Rfd1 Rfc8 19.Rd2 Nb4 20.dxe6 fxe6 21.Bxb7 Rxb7
22.a3 d5 23.Qe2 Na6 24.Re1 Kf7 25.Qh5+ Kg8 26.Rde2 Nc7 27.Qg5+ Kf7 28.Rxe6 Nxe6
29.Qxf5+ Kg8 30.Rxe6 Qxb2 31.Re1 Rf8 32.Qxd5+ Rbf7 33.Qxc5 Qb7 34.Nd5 Rf5
35.Ne7+  1-0

[Event "Warsaw op"]
[Site "Warsaw"]
[Date "1993.??.??"]
[Round "6"]
[White "Nesterov, Jakov"]
[Black "Adamski, Andrzej"]
[Result "1-0"]
[WhiteElo "2445"]
[BlackElo "2305"]

1.d4 Nf6 2.Bg5 g6 3.Bxf6 exf6 4.e3 f5 5.g3 Bg7 6.Bg2 O-O 7.Ne2 d6 8.O-O Nd7
9.c4 Nf6 10.Nbc3 h5 11.h4 Rb8 12.b4 Re8 13.b5 Bd7 14.a4 Ng4 15.Nf4 g5 16.hxg5 Qxg5
17.Qf3 Qh6 18.a5 a6 19.Rfb1 h4 20.Ncd5 Rbc8 21.bxa6 bxa6 22.Rb7 Bc6 23.Ra7 Kf8
24.Bh3 hxg3 25.Qxg3 Bxd5 26.cxd5 c5 27.dxc6 Rxc6 28.Bxg4 fxg4 29.Qxg4 d5
30.Kg2 Qh7 31.Rxf7+ Kxf7 32.Qd7+ Kf8 33.Qxc6 Qe4+ 34.Kg3 Rd8  1-0

[Event "Warsaw op"]
[Site "Warsaw"]
[Date "1993.??.??"]
[Round "8"]
[White "Voloshin, Leonid"]
[Black "Malisauskas, Vidmantas"]
[Result "1-0"]
[WhiteElo "2420"]
[BlackElo "2570"]

1.d4 Nf6 2.Bg5 g6 3.Bxf6 exf6 4.e3 Bg7 5.c4 f5 6.g3 c5 7.Nc3 f4 8.exf4 cxd4
9.Qe2+ Kf8 10.Nd5 Nc6 11.O-O-O d6 12.Bh3 Qa5 13.Kb1 Bxh3 14.Nxh3 Re8 15.Qd2 Qxd2
16.Rxd2 Ne7 17.Nxe7 Rxe7 18.Ng5 Bf6 19.Nf3 Kg7 20.Rhd1 Rc8 21.Nxd4 Bxd4 22.Rxd4 Re2
23.R4d2 Rxd2 24.Rxd2 Rxc4 25.Rxd6 Rc7 26.b3 Kf8 27.Rd8+ Ke7 28.Rh8 Rc3 29.Rxh7 Rf3
30.Rh8 Rxf2 31.Rb8 b6 32.Rb7+ Ke8 33.Rxa7 Rxh2 34.Rb7 Rg2 35.Rxb6 Rxg3 36.a4 Kd7
37.Kb2 f5 38.a5 Kc7 39.Rf6 Rg4 40.Kc3 Rxf4 41.Rxg6 Rf1 42.Kb4 f4 43.Kb5 f3
44.Rf6 f2 45.b4 Kd7 46.a6 Ke7 47.Rf3  1-0

[Event "Warsaw op"]
[Site "Warsaw"]
[Date "1993.??.??"]
[Round "9"]
[White "Bartosik, Piotr"]
[Black "Ziembinski, Marian"]
[Result "1-0"]
[WhiteElo "2235"]
[BlackElo "2280"]

1.d4 Nf6 2.Bg5 c5 3.Bxf6 gxf6 4.d5 Qb6 5.b3 f5 6.e3 Bg7 7.c3 Qa5 8.Qc2 e6
9.Bd3 b5 10.Ne2 Bb7 11.e4 fxe4 12.Bxe4 f5 13.Bf3 O-O 14.O-O e5 15.Rd1 d6
16.g4 Bc8 17.Ng3 e4 18.Bg2 f4 19.Nxe4 Bxg4 20.Ng5 Rf5 21.h4 h6 22.Bh3 Rxg5
23.hxg5 Bxh3 24.gxh6 Qd8 25.Qg6 Qf6 26.Qxg7+ Qxg7+ 27.hxg7 Kxg7 28.f3 Nd7
29.Nd2 Bf5 30.Kf2 Re8 31.Rh1 Re3 32.Rh4 Rd3 33.Rd1 Kg6 34.Rg1+ Kf6 35.Ke2 Re3+
36.Kd1 Rxc3 37.Rxf4 Ke5 38.Rh4 Bc2+ 39.Ke2 Kxd5 40.Rh6 c4 41.Nxc4 bxc4 42.Kd2 Rxf3
43.Kxc2 cxb3+ 44.axb3 Nc5 45.Rd1+ Ke5 46.Rdxd6 Rxb3 47.Rd1  1-0

[Event "Werfen op"]
[Site "Werfen"]
[Date "1993.??.??"]
[Round "5"]
[White "Grimm, Sascha"]
[Black "Rockenschaub, Manfred"]
[Result "1-0"]
[WhiteElo "2320"]
[BlackElo "2270"]

1.d4 Nf6 2.Bg5 d5 3.e3 c5 4.c3 Qb6 5.Qb3 Ne4 6.Bf4 e6 7.Nf3 Nc6 8.Bd3 Qa5
9.Bxe4 dxe4 10.Ne5 cxd4 11.Nxc6 bxc6 12.exd4 Ba6 13.Nd2 Rc8 14.O-O-O Qf5
15.Bg3 Be7 16.Rhe1 Bg5 17.Qa3 Bd3 18.b3 Bc2 19.Kxc2 e3+ 20.Kb2 exd2 21.Re5 Qg6
22.f4 Bf6 23.Re2 a5 24.Rdxd2 Qf5 25.Qc5 Qxc5 26.dxc5 Rd8 27.f5 Rxd2+ 28.Rxd2 exf5
29.Rd6 Ke7 30.Rxc6 Ra8 31.Rb6 g5 32.Bd6+ Kd7 33.a3 h5 34.b4 axb4 35.axb4 h4
36.b5 g4 37.Bf4 Ke7 38.c6 Bg7 39.c7 Kd7 40.Rb8  1-0

[Event "Wijk op"]
[Site "Wijk aan Zee"]
[Date "1993.??.??"]
[Round "10"]
[White "Sokolov, Ivan"]
[Black "Har Zvi, Ronen"]
[Result "1-0"]
[WhiteElo "2640"]
[BlackElo "2485"]

1.d4 Nf6 2.Bg5 g6 3.Bxf6 exf6 4.e3 f5 5.Ne2 Bg7 6.g3 O-O 7.Bg2 d6 8.c4 c5
9.Nbc3 cxd4 10.exd4 Nc6 11.Qd2 f4 12.gxf4 Qh4 13.d5 Ne7 14.O-O Nf5 15.Ng3 Nh6
16.Nce4 Ng4 17.h3 Nf6 18.Ng5 Nh5 19.Nxh5 Qxh5 20.Kh2 Bh6 21.Kg3 f6 22.Bf3  1-0

[Event "Zillertal op"]
[Site "Zillertal"]
[Date "1993.??.??"]
[Round "?"]
[White "Ungureanu, Emil"]
[Black "Milov, Vadim"]
[Result "0-1"]
[WhiteElo "2340"]
[BlackElo "2480"]

1.d4 Nf6 2.Bg5 c5 3.Bxf6 gxf6 4.d5 Qb6 5.Qc1 f5 6.c3 Bh6 7.Qc2 Qg6 8.Na3 a6
9.Nf3 d6 10.Nc4 Nd7 11.Nh4 Qf6 12.Nxf5 Ne5 13.Nce3 Bxe3 14.Nxe3 h5 15.h4 Rg8
16.g3 Bd7 17.Bh3 Bxh3 18.Rxh3 e6 19.Rh2 O-O-O 20.O-O-O Ng4 21.Nxg4 Rxg4 22.Rd3 Qe5
23.Qd1 Kc7 24.Rh1 b5 25.Qd2 Ra4 26.a3 Rd7 27.Rd1 Re4 28.e3 Rg4 29.Kb1 Qf5
30.Qc2 e5 31.R3d2 Qxc2+ 32.Kxc2 f5 33.Rh1 Rdg7 34.Rh3 Kb6 35.b3 a5 36.Kb2 a4
37.Rh1 axb3 38.Kxb3 Ra7 39.Kb2 Rga4 40.Ra1 Rg4 41.Rh1 Rag7 42.Rdd1 Re7 43.Rde1 c4
44.a4 bxa4 45.Ka3 Kc5 46.Rb1 f4 47.Rb8 fxe3 48.fxe3 Kxd5 49.Rb6 Rxg3 50.Rd1+ Ke4
51.Rdxd6 Rg4 52.Kxa4 Kxe3 53.Re6 Rxe6 54.Rxe6 e4 55.Kb4 Kd3  0-1

[Event "Zuerich op"]
[Site "Zuerich"]
[Date "1993.??.??"]
[Round "?"]
[White "Weindl, Alfred"]
[Black "Tolnai, Tibor"]
[Result "0-1"]
[WhiteElo "2335"]
[BlackElo "2490"]

1.d4 Nf6 2.Bg5 d5 3.Bxf6 exf6 4.e3 c6 5.Bd3 f5 6.Qf3 g6 7.Ne2 Nd7 8.O-O Nf6
9.c4 dxc4 10.Bxc4 Bd6 11.Nbc3 O-O 12.Rfd1 a6 13.Bb3 Qe7 14.g3 Ne4 15.Rac1 Re8
16.h4 h6 17.Nf4 Kg7 18.Kg2 Bd7 19.Na4 Rad8 20.Nb6 Nf6 21.Nxd7 Qxd7 22.a3 Qe7
23.Nd3 Ne4 24.h5 Ng5  0-1

[Event "Alcobendas"]
[Site "Alcobendas"]
[Date "1994.??.??"]
[Round "3"]
[White "Ionov, Sergey"]
[Black "Reyes, Juan"]
[Result "1/2-1/2"]
[WhiteElo "2505"]
[BlackElo "2430"]

1.d4 Nf6 2.Bg5 g6 3.Bxf6 exf6 4.e3 d6 5.g3 Bg7 6.Bg2 f5 7.Ne2 Nd7 8.c4 Nf6
9.Nbc3 O-O 10.O-O Re8 11.Qc2 h5 12.h4 Rb8 13.Nf4 Bh6 14.Rad1 Be6 15.b3 a6
16.Rfe1 Qe7 17.Bf3 Qf8 18.Kg2 Kh8 19.Qd3 Kg8 20.Rc1 Bxf4 21.exf4 Bd7 22.b4 Rxe1
23.Rxe1 b6 24.a3 a5 25.Rb1 axb4 26.axb4 Re8 27.Ra1 c6 28.Ra6 Rb8 29.Qd2 Qc8
30.Ra7 Kg7 31.Qe2 Ra8 32.Qa2 Rxa7 33.Qxa7 b5  1/2-1/2

[Event "Alcobendas op"]
[Site "Alcobendas"]
[Date "1994.??.??"]
[Round "7"]
[White "Armas, Jorge"]
[Black "Izeta Txabarri, Felix"]
[Result "0-1"]
[WhiteElo "2465"]
[BlackElo "2505"]

1.d4 Nf6 2.Bg5 c5 3.Bxf6 gxf6 4.d5 Qb6 5.Qc1 f5 6.g3 Bg7 7.c3 d6 8.Nh3 Nd7
9.Nd2 Nf6 10.Bg2 O-O 11.O-O e5 12.Qc2 Qa6 13.c4 Bd7 14.a4 b6 15.f3 Bh6 16.Ra3 Qc8
17.Qc3 Qd8 18.e3 Qe7 19.Nf2 a6 20.Rfa1 Rfe8 21.Qc2 Nh5 22.f4 e4 23.Qd1 Nf6
24.h3 Kh8 25.Nf1 Rg8 26.Rb1 Bg7 27.Nh2 h5 28.b4 Bh6 29.Nf1 Rab8 30.Qe2 h4
31.bxc5 hxg3 32.Nh1 bxc5 33.Rab3 Rxb3 34.Rxb3 Qd8 35.Nhxg3 Qa5 36.Kh2 Qxa4
37.Rb6 Rg6 38.Rxd6 Ng4+ 39.hxg4 Rxd6 40.gxf5 Rb6 41.Qh5 Qa1 42.Nxe4 Qg7 43.Nxc5 Qh7
44.Ng3 Bc8 45.Kg1 Bf8 46.Qxh7+ Kxh7 47.Nd3 a5 48.Be4 a4 49.Nc1 a3  0-1

[Event "Donner mem-A"]
[Site "Amsterdam"]
[Date "1994.??.??"]
[Round "2"]
[White "Lobron, Eric"]
[Black "Xie Jun"]
[Result "0-1"]
[WhiteElo "2580"]
[BlackElo "2515"]

1.d4 Nf6 2.Bg5 g6 3.Bxf6 exf6 4.g3 d5 5.Bg2 Bg7 6.e3 O-O 7.Nd2 c6 8.Ne2 Nd7
9.c4 dxc4 10.Nxc4 Nb6 11.Na5 Re8 12.O-O Bf8 13.a3 Bd6 14.b4 h5 15.e4 Kg7
16.Rc1 h4 17.Rc3 Rb8 18.Qc2 Rh8 19.Rd1 Qg8 20.Re3 hxg3 21.fxg3 Qh7 22.Kf2 Bg4
23.h3 Be6 24.Rf3 f5 25.Qb2 fxe4 26.d5+ Kf8 27.dxe6 exf3 28.Rxd6 fxg2 29.Qf6 Nd5
30.e7+ Nxe7 31.Nf4 g5 32.Ne6+ Kg8 33.Nd4 Qe4 34.Qxg5+ Kf8 35.Nxb7 Rg8 36.Qh6+ Ke8
37.Nc5 g1=Q+ 38.Kxg1 Rxg3+ 39.Kf2 Qg2+ 40.Ke1 Qg1+ 41.Kd2 Qh2+ 42.Ne2 Rxh3
43.Qf4 Qxf4+ 44.Nxf4 Rh2+ 45.Kc3 Rd8 46.Nb7 Rxd6 47.Nxd6+ Kf8 48.a4 Rh4  0-1

[Event "Aschach op"]
[Site "Aschach"]
[Date "1994.??.??"]
[Round "?"]
[White "Moser, Guenter"]
[Black "Stanec, Nikolaus"]
[Result "0-1"]
[WhiteElo "2280"]
[BlackElo "2460"]

1.d4 Nf6 2.Bg5 d5 3.Bxf6 exf6 4.e3 Bd6 5.Bd3 c6 6.c3 f5 7.Ne2 O-O 8.Qc2 g6
9.Nd2 Nd7 10.O-O-O Nf6 11.h4 h5 12.Nf4 Re8 13.g3 b5 14.Kb1 a5 15.Rc1 Ba6
16.Qd1 Qb6 17.Re1 Kg7 18.Rg1 Rab8 19.Qc2 Bc8 20.Rge1 Re7 21.Rg1 Bd7 22.Be2 Ng4
23.Rgf1 Rbe8 24.Ka1 Nf6 25.Rg1 Bc8 26.Bd3 Rc7 27.Qd1 Rce7 28.Qc2 Qd8 29.Rh1 Rb7
30.Qd1 Qe7 31.Qc2 Rd8 32.Qd1 Ne4 33.Nxe4 dxe4 34.Bf1 c5 35.Nd5 Qe6 36.c4 cxd4
37.exd4 Bb8 38.Nc3 bxc4 39.d5 Qb6 40.Qc2 Be5 41.Bxc4 Bd7 42.Rhd1 Rc8 43.Bf1 Rxc3
44.bxc3 Ba4  0-1

[Event "Aschach op"]
[Site "Aschach"]
[Date "1994.??.??"]
[Round "?"]
[White "Graef, Steffen"]
[Black "Farago, Ivan"]
[Result "0-1"]
[WhiteElo "2245"]
[BlackElo "2515"]

1.d4 Nf6 2.Bg5 d5 3.Bxf6 gxf6 4.c4 dxc4 5.e3 c5 6.d5 Bg7 7.Bxc4 O-O 8.Nf3 Nd7
9.Nc3 Nb6 10.Bd3 f5 11.e4 fxe4 12.Bxe4 f5 13.Bc2 Nc4 14.Bb3 Nxb2 15.Qc2 Qa5
16.Rc1 c4 17.Qxb2 cxb3 18.Qxb3 Qa6 19.Ne2 Bd7 20.d6+ Kh8 21.Rc7 Qxd6 22.Rxb7 Bc6
23.Rb4 Rab8 24.Rxb8 Qxb8 25.Qc2 Be4  0-1

[Event "AUT-chT"]
[Site "?"]
[Date "1994.??.??"]
[Round "?"]
[White "Maierhofer, Johann"]
[Black "Kreischer, Georg"]
[Result "1-0"]
[WhiteElo "2025"]
[BlackElo "2075"]

1.d4 Nf6 2.Bg5 d5 3.e3 c6 4.c4 dxc4 5.Bxf6 gxf6 6.Bxc4 Nd7 7.Qh5 Qb6 8.Qxf7+ Kd8
9.Nd2 Qxb2 10.Rb1 Qa3 11.Ne2 Qa5 12.Nf4 Nb6 13.Bb3 Bh6 14.g3 Bd7 15.Rc1 Nc8
16.Rc5 Qb4 17.Nd3 Qb6 18.O-O Qc7 19.Qh5 Bf8 20.Qh4 Nd6 21.e4 Ne8 22.Rc2 b6
23.e5 Bf5 24.Ne4 Rc8 25.Rd1 Bg7 26.Qf4 Qd7 27.Qe3 fxe5 28.dxe5 Kc7 29.Nb2 Nd6
30.exd6+ exd6 31.Rxd6 Qe8 32.Rdxc6+ Qxc6 33.Rxc6+ Kxc6 34.Qf4 Bh3 35.Qd6+ Kb5
36.Qd5+ Kb4 37.Nd3+ Ka3 38.Qd6+ Rc5 39.Nexc5 Bf8 40.Qd4  1-0

[Event "AUT-chT"]
[Site "?"]
[Date "1994.??.??"]
[Round "?"]
[White "Moser, Guenter"]
[Black "Rigo, Janos"]
[Result "1-0"]
[WhiteElo "2280"]
[BlackElo "2340"]

1.d4 Nf6 2.Bg5 c5 3.Bxf6 gxf6 4.d5 Qb6 5.b3 f5 6.c3 Bg7 7.Qc2 Qf6 8.e3 b6
9.a4 Bb7 10.Bc4 Na6 11.Ne2 Nc7 12.Qd3 e6 13.Nf4 Bh6 14.d6 Bxf4 15.exf4 Bxg2
16.Rg1 Be4 17.Qg3 Nd5  1-0

[Event "AUT-chT2S 9394"]
[Site "AUT"]
[Date "1994.??.??"]
[Round "?"]
[White "Guertl, S."]
[Black "Schantl, P."]
[Result "1-0"]
[WhiteElo "2030"]
[BlackElo "2060"]

1.d4 d5 2.Bg5 Nf6 3.e3 Ne4 4.Bh4 c5 5.c3 g6 6.Bd3 cxd4 7.exd4 Nd6 8.Nf3 Bg7
9.O-O Nf5 10.Bxf5 Bxf5 11.Qb3 Qd7 12.Re1 Nc6 13.Nbd2 O-O 14.h3 Rfe8 15.Bg3 Bh6
16.Qd1 b5 17.Nb3 Qc8 18.Qe2 a6 19.Ne5 Bg7 20.Nc5 Nxe5 21.Bxe5 f6 22.Bg3 e5
23.Qd2 Qc6 24.b4 e4 25.a4 a5 26.axb5 Qxb5 27.Qa2 Red8 28.bxa5 Bf8 29.Nxe4 Kg7
30.Nd2 Rd7 31.Nb3 Rb7 32.Nd2 Rba7 33.c4 Qxa5 34.Qxa5 Rxa5 35.Rxa5 Rxa5 36.c5 Ra4
37.Nf3 Be4 38.c6 Rc4 39.c7 h5 40.Nd2  1-0

[Event "Badenweiler op"]
[Site "Badenweiler"]
[Date "1994.??.??"]
[Round "6"]
[White "Gerstner, Wolfgang"]
[Black "Schlosser, Philipp"]
[Result "0-1"]
[WhiteElo "2380"]
[BlackElo "2540"]

1.d4 Nf6 2.Bg5 c5 3.Bxf6 gxf6 4.d5 Qb6 5.Qc1 f5 6.e3 Bg7 7.c3 e6 8.Nh3 Na6
9.g3 Nc7 10.dxe6 fxe6 11.Bg2 O-O 12.O-O d5 13.Nf4 Bd7 14.Rd1 Be8 15.Rd2 Rd8
16.Na3 Bf7 17.Qd1 Kh8 18.Nh5 e5 19.Nxg7 Kxg7 20.f4 Rde8 21.Kh1 e4 22.Nc2 Qf6
23.g4 fxg4 24.Qxg4+ Kh8 25.f5 Re7 26.Rf1 Rg8 27.Qf4 Be8 28.Bh3 Bh5 29.Ne1 Reg7
30.Rg2 Rxg2 31.Nxg2 Ne8 32.Nh4 Nd6 33.Rf2 Nf7 34.Rg2 Ne5 35.Rxg8+ Kxg8 36.c4 Nxc4
37.Qb8+ Kg7 38.Qxb7+ Bf7 39.Ng2 Qxb2 40.f6+ Qxf6 41.Nf4 Kh6 42.Qc8 Qa1+ 43.Kg2 Nxe3+
44.Kf2 Nd1+ 45.Ke2 Nc3+ 46.Kf2 e3+ 47.Kxe3 Qc1+ 48.Kf3 Qd1+ 49.Kg2 Qc2+ 50.Kf3 Qe4+
51.Kg3 Ne2+ 52.Nxe2 Qe3+ 53.Kg2 Qxe2+ 54.Kg3 Qe5+ 55.Kf2 Qxh2+ 56.Bg2 Qf4+
57.Kg1 Qd4+ 58.Kh2 Kg7 59.Qd8 h6  0-1

[Event "Baile Herculane (Women)"]
[Site "Baile Herculane"]
[Date "1994.??.??"]
[Round "1"]
[White "Sergeeva, Tatyana"]
[Black "Duminica, Mariana"]
[Result "1-0"]
[WhiteElo "2255"]
[BlackElo "2100"]

1.d4 Nf6 2.Bg5 c5 3.Bxf6 gxf6 4.d5 f5 5.Nc3 Bg7 6.e3 Qb6 7.Qc1 e6 8.Nh3 Qb4
9.Bd3 c4 10.Be2 Bxc3+ 11.bxc3 Qxc3+ 12.Kf1 Na6 13.Nf4 Nb4 14.dxe6 dxe6 15.a3 Nc6
16.Rb1 Rb8 17.h4 b5 18.Rh3 O-O 19.e4 Qe5 20.Nh5 f4 21.Nxf4 Nd4 22.Rg3+ Kh8
23.Rg5 Qxe4 24.Bxc4 e5 25.c3 exf4 26.cxd4 Bd7 27.Bd5 Qxd4 28.Rb4 Qd3+ 29.Kg1 f6
30.Be4 Qd6 31.Rd5 Qe7 32.Qc7 Rbd8 33.Rbd4 f5 34.Rxd7 Rxd7 35.Rxd7 Qxh4 36.Qc3+ Qf6
37.Qh3 Qg6 38.Bd5 f3 39.Qxf3 Qf6 40.Rxa7 Qa1+ 41.Kh2 b4 42.Qf4 bxa3 43.Qh6  1-0

[Event "EUCup Gr"]
[Site "Baile Herculane"]
[Date "1994.??.??"]
[Round "3"]
[White "Dancevski, Orce"]
[Black "Jukic, Branimir"]
[Result "0-1"]
[WhiteElo "2300"]
[BlackElo "2430"]

1.d4 Nf6 2.Bg5 g6 3.Bxf6 exf6 4.e3 d5 5.c4 dxc4 6.Bxc4 Bd6 7.Nc3 O-O 8.Nge2 c6
9.a3 Nd7 10.O-O f5 11.b4 Nf6 12.g3 Qe7 13.Nf4 a5 14.b5 Bxa3 15.bxc6 bxc6
16.Nd3 Bd6 17.Na4 Be6 18.Bxe6 Qxe6 19.Qc2 Ne4 20.Nac5 Nxc5 21.Nxc5 Bxc5 22.Qxc5 a4
23.Rfb1 Qe4 24.Rb6 Rac8 25.Ra3 h5 26.h4 Qf3 27.Qc2 f4 28.gxf4 Qg4+ 29.Kf1 Qxh4
30.Qe4 Qg4 31.Qh1 Rb8 32.Rxb8 Rxb8 33.Ra1 Rb2 34.Qg2 Qe2+ 35.Kg1 Qc2 36.e4 Rb1+
37.Rxb1 Qxb1+ 38.Kh2 a3 39.Qh3 a2 40.Qc8+ Kg7  0-1

[Event "Balatonbereny op"]
[Site "Balatonbereny"]
[Date "1994.??.??"]
[Round "8"]
[White "Szabo, Zsolt"]
[Black "Kende, Gyorgy"]
[Result "0-1"]
[WhiteElo "2345"]
[BlackElo "2240"]

1.d4 Nf6 2.Bg5 c5 3.d5 e5 4.dxe6 fxe6 5.e4 Nc6 6.Nc3 Be7 7.Nf3 O-O 8.Bb5 h6
9.Bxc6 bxc6 10.Bxf6 Bxf6 11.e5 Be7 12.O-O Rb8 13.b3 Rb4 14.Re1 Rbf4 15.Re4 R4f5
16.Qd3 c4 17.Qxc4 c5 18.Re2 Bb7 19.Ne4 Qe8 20.Ne1 Qg6 21.Nd3 Bd5 22.Qc3 Bxe4
23.Rxe4 Rg5 24.Qe1 Rxg2+ 25.Kh1 d5 26.Rf4 Rg4 27.Rxg4 Qxg4 28.Qg1 Qf5 29.Qg3 c4
30.Rg1 Rf7 31.Ne1 Bc5 32.Rf1 Qe4+ 33.f3 Qe2 34.Qg2 Qxe5 35.bxc4 dxc4 36.Qd2 Rf5
37.Ng2 c3 38.Qd8+ Rf8 39.Qd3 Qd4 40.Qxd4 Bxd4 41.Ne1 e5 42.Kg2 Rf6 43.Nd3 Ra6
44.Ra1 Ra4 45.Kf1 Kf7 46.Ke2 Ke6 47.Nc1 Kf5 48.Kd3 Kf4 49.Ne2+ Kxf3 50.Nxd4+ Rxd4+
51.Kxc3 Rd7 52.Rf1+ Ke2 53.Rf8 e4  0-1

[Event "Oberliga Bayern9394"]
[Site "Bayern"]
[Date "1994.??.??"]
[Round "?"]
[White "Gerer, Josef"]
[Black "Kreuzer, Gerhard"]
[Result "1-0"]
[WhiteElo "2135"]
[BlackElo "2140"]

1.d4 Nf6 2.Bg5 c5 3.Bxf6 gxf6 4.d5 Qb6 5.Qc1 f5 6.e3 e6 7.c4 Bg7 8.Nc3 d6
9.Nge2 Nd7 10.Qc2 Nf6 11.Ng3 Bd7 12.Bd3 a6 13.Rb1 Qa5 14.O-O b5 15.b3 h5
16.dxe6 fxe6 17.Nge2 b4 18.Nd1 O-O-O 19.f3 Rhg8 20.Nf4 Bh6 21.a3 Bxf4 22.exf4 Kc7
23.axb4 cxb4 24.Qf2 Qc5 25.Ra1 Bc8 26.Ne3 Bb7 27.Nc2 Rg7 28.Nd4 Kd7 29.Rfe1 Re8
30.Rxe6 Bxf3 31.Rxd6+ Qxd6 32.Bxf5+ Kc7 33.Nxf3 Ng4 34.Qa7+ Kd8 35.Qxg7 Ne3
36.Qg5+ Kc7 37.h3 Qc5 38.Qg7+ Re7 39.Qd4 Qxf5 40.Kh2 Qe4 41.Qc5+ Kd8 42.Qd6+ Ke8
43.Qb8+ Kd7 44.Rxa6 Nf1+ 45.Kg1 Qe3+ 46.Kxf1 Qc1+ 47.Kf2 Qe3+ 48.Kg3 Rg7+
49.Kh2 Rxg2+ 50.Kxg2 Qe2+ 51.Kg3 h4+ 52.Kxh4 Qf2+ 53.Kg5 Qg3+ 54.Kf5 Qxh3+
55.Ke4  1-0

[Event "Regionalliga SO9495"]
[Site "Bayern"]
[Date "1994.??.??"]
[Round "1"]
[White "Gradwohl, Manfred"]
[Black "Scheipl, Ralf"]
[Result "0-1"]
[WhiteElo "2125"]
[BlackElo "2265"]

1.d4 Nf6 2.Bg5 c5 3.d5 e5 4.dxe6 fxe6 5.e4 Nc6 6.Nc3 Be7 7.Bxf6 Bxf6 8.Qh5+ g6
9.Qxc5 Bd4 10.Qa3 Qh4 11.O-O-O Qxf2 12.Nb5 Qe3+ 13.Qxe3 Bxe3+ 14.Kb1 Ke7
15.Nf3 a6 16.Nbd4 Nxd4 17.Nxd4 d6 18.Be2 Bd7 19.Bf3 Rhf8 20.Rhe1 Bf4 21.h3 Rac8
22.Ne2 Be5 23.Nc1 Bg3 24.Re2 Rc7 25.Nd3 a5 26.c3 h5 27.Rc2 b5 28.b3 Bh4 29.Nb2 Rfc8
30.c4 a4 31.bxa4 bxc4 32.Rd4 c3 33.Nd1 Rb7+ 34.Ka1 Be1 35.Be2 e5 36.Rc4 Rxc4
37.Bxc4 Bxa4 38.Bb3 Bxb3 39.axb3 Rxb3 40.Ka2 Rb4  0-1

[Event "Regionalliga NO9495"]
[Site "Bayern"]
[Date "1994.??.??"]
[Round "2"]
[White "Zollstab, Juergen"]
[Black "Uschold, Jens"]
[Result "0-1"]
[WhiteElo "2135"]
[BlackElo "2140"]

1.d4 Nf6 2.Bg5 c5 3.Bxf6 gxf6 4.c3 Qb6 5.b3 cxd4 6.Qxd4 Qxd4 7.cxd4 Nc6 8.e3 e6
9.a3 d5 10.Bb5 Bd7 11.Ne2 Na5 12.Bxd7+ Kxd7 13.Nd2 Rc8 14.b4 Nc4 15.Nxc4 Rxc4
16.Kd2 Bd6 17.Rhc1 Rhc8 18.Rxc4 Rxc4 19.Rc1 Rxc1 20.Nxc1 a5 21.Nd3 Kc6 22.Kc3 Kb5
23.f4 Ka4 24.Nc5+ Bxc5 25.dxc5 axb4+ 26.axb4 f5 27.h3 h5 28.Kd4 Kxb4 29.Ke5 Kxc5
30.Kf6 b5 31.Kxf7 b4 32.Kxe6 b3 33.Kxf5 b2 34.Kg5 b1=Q 35.Kxh5 Qg1 36.g4 Qxe3
37.h4 Qxf4 38.g5 Kd6 39.g6 Ke7 40.g7 Qf5+ 41.Kh6 Kf7 42.h5 Qf6+  0-1

[Event "Regionalliga SO9495"]
[Site "Bayern"]
[Date "1994.??.??"]
[Round "4"]
[White "Haller, Christoph"]
[Black "Peter, Christian"]
[Result "0-1"]
[WhiteElo "2080"]
[BlackElo "2020"]

1.d4 Nf6 2.Bg5 d5 3.Bxf6 gxf6 4.c4 c6 5.e3 Bf5 6.Nc3 dxc4 7.Bxc4 e6 8.Nge2 Bd6
9.Ng3 Bg6 10.f4 h5 11.h4 Nd7 12.Be2 Qb6 13.Nge4 Be7 14.Kf2 e5 15.g3 O-O-O
16.Qa4 exd4 17.exd4 f5 18.Ng5 Nf6 19.Nf3 Ng4+ 20.Kg2 Bf6 21.d5 Bxc3 22.dxc6 Qf2+
23.Kh3 Qxe2 24.Qxa7 Nf2+ 25.Kg2 Nxh1+ 26.Kh3 Nf2+ 27.Kg2 Nd3+ 28.Kh3 Nxf4+
29.gxf4 Qxf3+ 30.Kh2 Rd2+  0-1

[Event "JUG-chT Cup"]
[Site "Becici"]
[Date "1994.??.??"]
[Round "?"]
[White "Certic, Branimir"]
[Black "Konjevic, Djordje"]
[Result "1/2-1/2"]
[WhiteElo "2410"]
[BlackElo "2380"]

1.d4 Nf6 2.Bg5 d5 3.e3 e6 4.Nd2 Be7 5.Bd3 Nbd7 6.Ngf3 c5 7.c3 a6 8.O-O O-O
9.a4 b6 10.Qb1 h6 11.Bh4 a5 12.Bxf6 Bxf6 13.Bb5 Qc7 14.b4 axb4 15.cxb4 c4
16.Ra3 Be7 17.Qb2 f5 18.Ne5 Nxe5 19.dxe5 Ba6 20.Nf3 f4 21.Rb1 fxe3 22.Rxe3 Bxb5
23.axb5 Ra4 24.Qc3 Ra2 25.Rf1 Qd7 26.Nd4 Rf4 27.Nc6 Bg5 28.Ree1 Qf7 29.f3 Qg6
30.Rf2 Rxf2 31.Kxf2 Qh5 32.Kg1 Rf8 33.Nd4 Qf7 34.g3 Be7 35.Ra1 Qg6 36.Nc6 Bg5
37.f4 Bd8 38.Ra8 Qb1+ 39.Kg2 Qe4+ 40.Kf2 Bc7 41.Ra7 Rf7 42.Qf3 Qc2+ 43.Qe2 Qf5
44.h4 Qh3 45.Qh5 Qh2+ 46.Kf3 Qh1+ 47.Kf2  1/2-1/2

[Event "JUG-chT Cup"]
[Site "Becici"]
[Date "1994.??.??"]
[Round "?"]
[White "Certic, Branimir"]
[Black "Abramovic, Bosko"]
[Result "1-0"]
[WhiteElo "2410"]
[BlackElo "2500"]

1.d4 Nf6 2.Bg5 d5 3.e3 Nbd7 4.Nf3 g6 5.Nbd2 Bg7 6.Be2 O-O 7.O-O Re8 8.Bh4 e5
9.c4 e4 10.Ne1 c5 11.Nc2 h6 12.cxd5 cxd4 13.Nxd4 Nb6 14.a4 Nbxd5 15.Nc4 Qe7
16.a5 Nc7 17.Qb3 Ne6 18.Nb5 Rd8 19.Rfd1 Bd7 20.Nbd6 Bc6 21.Qa3 Ng5 22.Bg3 Nd5
23.h4 Nh7 24.h5 Ng5 25.a6 b6 26.hxg6 fxg6 27.Rac1 Kh7 28.Nxb6 Nxb6 29.Rxc6 Rd7
30.Bg4 Rdd8 31.Rdc1 Nd5 32.Qc5 Nf6 33.Rc7 Qf8 34.Bc8 Rb8 35.Nb7 Qxc5 36.R7xc5 Rbxc8
37.Rxc8 Rd5 38.R8c5 Rd2 39.R5c2 Rd5 40.Rc5 Rd3 41.Kf1 Nd5 42.Rb5 Bf8 43.Nc5  1-0

[Event "JUG-chT Cup"]
[Site "Becici"]
[Date "1994.??.??"]
[Round "?"]
[White "Kosic, Dragan"]
[Black "Mujagic, Ramo"]
[Result "0-1"]
[WhiteElo "2515"]
[BlackElo "2295"]

1.d4 d5 2.Bg5 Nf6 3.Bxf6 exf6 4.e3 c6 5.c4 dxc4 6.Bxc4 Bd6 7.Nc3 O-O 8.Nf3 Nd7
9.Qc2 f5 10.h4 Qf6 11.O-O-O Nb6 12.Bb3 Be6 13.Bxe6 fxe6 14.e4 Bb4 15.Ne2 fxe4
16.Qxe4 Qf5 17.Ng3 Qxe4 18.Nxe4 Rf4 19.Neg5 Re8 20.a3 Bf8 21.Rde1 Rf6 22.Ne4 Rf7
23.Neg5 Rf6 24.Rh3 Nd5 25.Ne4 Rf4 26.Rg3 Rf5 27.Kc2 Nf6 28.Rg5 Nxe4 29.Rxe4 g6
30.Re2 Bh6 31.Rg4 c5 32.Rge4 cxd4 33.Nxd4 Rc5+ 34.Kb1 Rc4 35.Nxe6 Rxe4 36.Rxe4 Rc8
37.Re2 Rc1+ 38.Ka2 Rc4 39.g3 Rc8 40.Kb3 Kf7 41.Nd4 Rd8 42.Re4 a6 43.g4 Rd6
44.Kc4 b5+ 45.Kd3 Bg7 46.b4 Bf6 47.g5 Bg7 48.Ke3 h6 49.f4 hxg5 50.hxg5 Bh8
51.f5 gxf5 52.Nxf5 Rc6 53.Kf4 Bb2 54.Kg4 Bxa3 55.Kh5 Bb2 56.Re7+ Kf8 57.Ra7 Ke8
58.g6 Kd8 59.Rf7 Re6 60.g7 Bxg7 61.Rxg7 Re4 62.Rg4 Rc4 63.Nd4 Rc3 64.Kg5 Kd7
65.Kf5 Kd6 66.Ne6 Rf3+ 67.Nf4 a5 68.Rg6+ Kd7 69.bxa5 b4 70.Ke4 Ra3 71.Ra6 b3
72.Kd3 Kc8 73.Ne6 Ra1 74.Kc3 Rb1 75.Rb6 Ra1 76.a6 Kd7 77.Kb2  0-1

[Event "Belgrade Trako"]
[Site "Belgrade"]
[Date "1994.??.??"]
[Round "7"]
[White "Certic, Branimir"]
[Black "Sahovic, Dragutin"]
[Result "0-1"]
[WhiteElo "2410"]
[BlackElo "2435"]

1.d4 Nf6 2.Bg5 c5 3.Bxf6 gxf6 4.Nc3 cxd4 5.Qxd4 Nc6 6.Qh4 f5 7.e4 fxe4 8.Qxe4 e6
9.O-O-O Be7 10.Qg4 d5 11.f4 h5 12.Qg3 h4 13.Qf3 Bd7 14.Nh3 Qa5 15.Ng5 d4
16.Qd3 Bxg5 17.fxg5 Qxg5+ 18.Kb1 O-O-O 19.Ne4 Qe7 20.Qb5 Be8 21.Bc4 a6 22.Qb6 Qc7
23.Qxc7+ Kxc7 24.Rd2 Ne5 25.Bb3 Bc6 26.Re1 Ng4 27.Ng5 Rd7 28.Nf3 Bxf3 29.gxf3 Ne3
30.Rg1 Rh6 31.Rf2 Rf6 32.Rg5 Rf4 33.Kc1 f6 34.Rg6 e5 35.Kd2 Rd6 36.Ke2 b5
37.a4 Nc4 38.axb5 axb5 39.Bxc4 bxc4 40.Rfg2 Rb6 41.Rg7+ Kd6  0-1

[Event "Berliner Sommer"]
[Site "Berlin"]
[Date "1994.??.??"]
[Round "?"]
[White "Kahn, Manfred"]
[Black "Klostermann, Markus"]
[Result "1-0"]
[WhiteElo "2265"]
[BlackElo "2300"]

1.d4 Nf6 2.Bg5 d5 3.Nd2 Nbd7 4.e3 e6 5.Bd3 c5 6.c3 Be7 7.f4 Qb6 8.Rb1 h6
9.Bh4 Qa5 10.a3 c4 11.Bc2 b5 12.Ngf3 Bb7 13.Ne5 Qc7 14.O-O g5 15.Bg3 Bd6
16.a4 a6 17.Qf3 g4 18.Qf2 Nh5 19.Bh4 f5 20.Nxg4 Nxf4 21.Nf6+  1-0